000 00725nam a2200265 i 4500
001 C2-0247121
003 PPAK
005 20180727211740.0
008 030325s2003 my a|||| ||||| | eng d
020 _a9832505658
040 _aPPAK
_beng
_cPPAK
_erda
082 0 4 _a428.6
_223
090 0 0 _a428.6
_bLEE
_dK
100 0 _aLeela Chakrabarty,
_eauthor
245 1 0 _aRizal and Tamu
264 1 _aKuala Lumpur :
_bPenerbit Wawasan Didik ,
_c2003
300 _a38 pages :
_billustrations ;
_c20 cm
336 _2rdacontent
_atext
337 _2rdamedia
_aunmediated
338 _2rdacarrier
_avolume
490 1 _aThe Malaysian kids series
650 1 0 _aReaders
830 0 _aThe Malaysian kids series
942 _ddc
_cB
999 _c61007
_d61007